00532nmm a2200169Ia 4500008004100000020001800041041000800059100006300067245004500130264005100175300001800226490002900244650001500273856005000288942000700338999001700345251105s9999||||xx |||||||||||||||||und|| a9788499401591 aspa aOlivares Rodríguez, José, Méndez Carrillo, F. Xavier 0aTécnicas de modificación de conducta a[Madrid, España] :bBiblioteca Nueva, c2010 a576 páginas aPsicología Universidad aPsychology uhttps://public.digitaliapublishing.com/a/6645 cCF c92590d92590